000 00464nam a22001697a 4500
005 20260219015019.0
008 260219b |||||||| |||| 00| 0 eng d
020 _a0619213191
040 _cjhcsc
082 _23
_a005.1
100 _910164
_aJoyce Farrell
_eAuthor
245 _aJava Programming
_cJoyce Farrell
250 _aThird Edition
260 _aCanada
_bThomson Course Technology
_cc2006
300 _axv, 887 p
_bill.
942 _2ddc
_cBOOK
_eThird Edition
999 _c11351
_d11351